000 00406nam a22001697a 4500
003 MACL
005 20151226114128.0
008 151226b xxu||||| |||| 00| 0 eng d
040 _cMACL
041 _aEnglish
082 _a891/VER
100 _aVerma,Bhagwati Charan
_922694
245 _aFractured Images
260 _aKolkata
_bSahitya Akademi
_c2010
650 _aLiterature
_922695
942 _2ddc
_cBK
999 _c51837
_d51837